Μουσικές ταυτότητες : αφηγήσεις ζωής μουσικών και συγκροτημάτων της ελληνικής ανεξάρτητης σκηνής ροκ

Αποθηκεύτηκε σε:
Λεπτομέρειες βιβλιογραφικής εγγραφής
Κύριος συγγραφέας: Χρηστάκης, Νικόλας
Μορφή: Βιβλίο
Γλώσσα:Greek
Δημοσίευση: Αθήνα : Τυπωθήτω, 1999
Θέματα:
Ετικέτες: Προσθήκη ετικέτας
Δεν υπάρχουν, Καταχωρήστε ετικέτα πρώτοι!

MARC

LEADER 00000cam a2200000 i 4500
001 1/45555
008 070606s1999 gre d
020 |a 960-804-110-4 
035 |l 10088151 
040 |a GR-MY-UA  |b gre  |e aacr 
041 0 |a gre 
082 0 |a 781.6609495  |2 (22) 
100 1 |a Χρηστάκης, Νικόλας. 
245 1 0 |a Μουσικές ταυτότητες :  |b αφηγήσεις ζωής μουσικών και συγκροτημάτων της ελληνικής ανεξάρτητης σκηνής ροκ /  |c Νικόλαος Χρηστάκης 
260 |a Αθήνα :   |b Τυπωθήτω,   |c 1999 
300 |a 242 σ. ;  |c 21 εκ.  
504 |a Περιέχει βιβλιογραφία 
650 0 0 |a Rock music  |z Greece  |x History. 
650 0 0 |a Rock music  |z Greece. 
852 |a INST  |b LESVOS  |e 20070606  |h 781.6609495 ΧΡΗ  |p 005100037763  |q 005100037763  |t BK  |y 0 
852 |a INST  |b LESVOS  |e 20140514  |h 781.6609495 ΧΡΗ  |p 005100054183  |q 005100054183  |t BK  |y 0 
901 |a BIBL1-2007-2 
901 |a BIBL1-2014-2 
909 |a Λ  |b 135173 
909 |a Λ  |b 188972 
922 |a 1ΕΛΗ  |b 200705  |c ΕΠΕΑΕΚ2/ΤΚΑ  |d Σ. ΠΑΤΑΚΗΣ 
970 |a ΧΑΤΖΗΜΙΧΑΗΛ  |b ΜΑΡΙΑ  |z 2007/06/06